000 01723cam a2200457 a 4500
001 5994
003 FISKH
005 20250225094422.0
008 990408s1999 nyua c 000 1 eng
010 _a 99023982
020 _a0439136350 (hc)
020 _a978140885567675
_c$15.00
020 _a0439136369 (pb)
040 _aDLC
_beng
_cDLC
_dWaU
_dDLC
050 _aPR6068.O93
082 _a823.914
100 1 _aRowling, J. K.
245 1 0 _aHarry Potter and the prisoner of Azkaban /
_cby J.K. Rowling.
250 _aThis edition published in September 2014
260 _aLondon :
_bBloomsbury,
_c1999.
300 _a462 pages :
_c20 cm
500 _a"Year 3"--Spine.
500 _aSequel to: Harry Potter and the Chamber of Secrets.
500 _aSequel: Harry Potter and the goblet of fire.
520 _aDuring his third year at Hogwarts School for Witchcraft and Wizardry, Harry Potter must confront the devious and dangerous wizard responsible for his parents' deaths.
600 1 0 _aPotter, Harry
_c(Fictitious character)
_vJuvenile fiction.
600 1 0 _aGranger, Hermione
_c(Fictitious character)
_vJuvenile fiction.
650 0 _aWeasley, Ron (Fictitious character)
_vJuvenile fiction.
650 0 _aHogwarts School of Witchcraft and Wizardry (Imaginary organization)
_vJuvenile fiction.
650 0 _aWizards
_vJuvenile fiction.
650 0 _aMagic
_vJuvenile fiction.
650 0 _aSchools
_vJuvenile fiction.
650 1 _aWizards
_vFiction.
650 1 _aMagic
_vFiction.
650 1 _aSchools
_vFiction.
651 0 _aEngland
_vJuvenile fiction.
651 1 _aEngland
_vFiction.
906 _a7
_bcbc
_corignew
_d1
_eocip
_f19
_gy-gencatlg
942 _2ddc
_cBK
_n0
999 _c5994
_d5994